Logo CIB grande

WAREHOUSE MANAGEMENT: A COMPLETE GUIDE TO IMPROVING EFFICIENCY AND MINIMIZING COSTS IN THE MODERN WAREHOUSE (Registro nro. 234839)

Detalles MARC
000 -LEADER
campo de control de longitud fija 00677nam a2200241Ia 4500
003 - IDENTIFICADOR DE NÚMERO DE CONTROL
campo de control EC-GqESP
005 - FECHA Y HORA DE LA ÚLTIMA TRANSACCIÓN
campo de control 20251105103453.0
008 - DATOS DE LONGITUD FIJA--INFORMACIÓN GENERAL
campo de control de longitud fija 250425s9999 xx 000 0 und d
010 ## - NÚMERO DE CONTROL DE LA BIBLIOTECA DEL CONGRESO
Número de control de LC 100753
020 ## - NÚMERO INTERNACIONAL ESTÁNDAR DEL LIBRO
Número Internacional Estándar del Libro 978749469344
041 ## - CÓDIGO DE IDIOMA
Código de lengua del texto/banda sonora o título independiente eng
082 ## - NÚMERO DE LA CLASIFICACIÓN DECIMAL DEWEY
Número de clasificación 658.785
Iniciales del Autor RIC
100 ## - ENTRADA PRINCIPAL--NOMBRE DE PERSONA
Nombre de persona RICHARDS, GWYNNE
245 #0 - MENCIÓN DEL TÍTULO
Título WAREHOUSE MANAGEMENT: A COMPLETE GUIDE TO IMPROVING EFFICIENCY AND MINIMIZING COSTS IN THE MODERN WAREHOUSE
250 ## - MENCION DE EDICION
Mención de edición 2ND ED.
260 ## - PUBLICACIÓN, DISTRIBUCIÓN, ETC.
Lugar de publicación, distribución, etc. LONDON
260 ## - PUBLICACIÓN, DISTRIBUCIÓN, ETC.
Lugar de publicación, distribución, etc. Reino Unido
Nombre del editor, distribuidor, etc. KOGAN PAGE
Fecha de publicación, distribución, etc. 2014
300 ## - DESCRIPCIÓN FÍSICA
Extensión 427
650 ## - PUNTO DE ACCESO ADICIONAL DE MATERIA--TÉRMINO DE MATERIA
Término de materia o nombre geográfico como elemento de entrada ADMINISTRACION DE MATERIALES
650 ## - PUNTO DE ACCESO ADICIONAL DE MATERIA--TÉRMINO DE MATERIA
Término de materia o nombre geográfico como elemento de entrada GESTION DE NEGOCIOS-CONTROL
650 ## - PUNTO DE ACCESO ADICIONAL DE MATERIA--TÉRMINO DE MATERIA
Término de materia o nombre geográfico como elemento de entrada LOGISTICA EMPRESARIAL
942 ## - ELEMENTOS DE ENTRADA SECUNDARIOS (KOHA)
Tipo de ítem Koha Libros
Existencias
Estatus retirado Estado de pérdida Estado de daño No para préstamo Biblioteca de origen Biblioteca actual Fecha de adquisición Coste, precio normal de compra Total de préstamos Código de barras Copia número Tipo de ítem Koha Fuente de la clasificación o esquema de estantería Etiqueta RFID Signatura topográfica completa Nota pública
        CENTRO DE INFORMACIÓN BIBLIOTECARIA CENTRO DE INFORMACIÓN BIBLIOTECARIA 12/11/2016 107.00   57824 1 Libros        
        FACULTAD DE INGENIERIA MECANICA Y CIENCIAS DE LA PRODUCCION CENTRO DE INFORMACIÓN BIBLIOTECARIA 12/11/2016 107.00   57825 2 Libros Clasificación Decimal Dewey 0000000000000000038176 658.785 RIC ESPOL. CIB
        CENTRO DE INFORMACIÓN BIBLIOTECARIA CENTRO DE INFORMACIÓN BIBLIOTECARIA 12/11/2016 107.00   57826 3 Libros        

Copyright 2025 ESPOL. Todos los derechos reservados.